| 000 | 00566nam a2200193Ia 4500 | ||
|---|---|---|---|
| 005 | 20250603145646.0 | ||
| 008 | 250603s9999 xx 000 0 und d | ||
| 020 | _a9781937538774 | ||
| 050 | _aQA 76.758 .P64/ | ||
| 100 | _aPohl, Klaus | ||
| 245 | 0 | _aRequirements engineering fundamentals : a study guide for the certified professional for requirements engineering exam, foundation level, IREB compliant | |
| 250 | _a2ed. | ||
| 260 | _aSanta Barbara | ||
| 260 | _bRocky Nook | ||
| 260 | _c2015 | ||
| 300 | _a163 p | ||
| 650 | _aSanta Barbara | ||
| 942 | _cBK | ||
| 999 |
_c42482 _d42482 |
||